00433pab a2200121 454500008004000000100002100040245018700061260000900248300001600257362000800273650001200281773001800293180718b2009 xxu||||| |||| 00| 0 eng d aPemberton, Simon aEconomic migration from the EU `A8' accession countries and the impact on low-demand housing areas: opportunity or threat for housing market renewal pathfinder programmes in England? c2009 ap.1363-384. aJun aHousing aUrban Studies